000 00552nam a2200169Ia 4500
005 20250508155959.0
008 008 250505s9999 xx 000 0 eng d
037 _aBooks to be hide in OPAC
040 _aFEDL
_beng
_cFEDL
041 _aeng
_2eng
084 _a379.5414, BEN/O
_qFEDL
245 0 _aSupplement to the report on public instruction in Bangal for the year 1919-20
260 _aCalcutta, India
_bThe Bengal Secretariat Book Depot
_c1921
300 _a31p.
942 _cHB
_h379.5414, BEN/O
999 _c1360693
_d1360693